000 00397nmm a2200145Ia 4500
008 251105s9999||||xx |||||||||||||||||und||
041 _aspa
100 _aSanz Oliva, Antonio
245 0 _aLa cizaña en el trigo
264 _a[Madrid, España] :
_bEdiciones B,
_c2017
300 _a341 páginas
650 _aRomance
856 _uhttps://public.digitaliapublishing.com/a/54411
942 _cCF
999 _c106498
_d106498